| 000 | 00560nam a22001697a 4500 | ||
|---|---|---|---|
| 003 | OSt | ||
| 005 | 20171010095515.0 | ||
| 008 | 120814t xxu||||| |||| 00| 0 eng d | ||
| 040 |
_aMMSU _cULS |
||
| 100 |
_aCaday, Simon P. _912150 |
||
| 245 |
_aGender system in a community-based forest management (CBFM) area _cSimon P. Caday |
||
| 260 | _c2000 | ||
| 300 |
_axvii, 129 leaves _c28 cm. |
||
| 500 | _aThesis (MS Rural Development) -- Mariano Marcos State University-Graduate School, Laoag City | ||
| 504 | _aBibliography: leaves 102-107 | ||
| 942 |
_2ddc _cTHEDIS |
||
| 999 |
_c9727 _d9727 |
||